00321nam a2200133Ia 4500003000400000008004100004020002300045040000800068100001600076245003300092250001300125260003800138365001100176LDD181029s9999 xx 000 0 und d a8189652451c695.00 cLDD aDixit, N.K. 0aTribals in IndiacN.K. Dixit aFist .ed aNew DelhibUppal Book Storec2006 b695.00